The Dematerialization of Money in the Age of COVID-19 Pandemic: A New Future for Digital Finance?

Guardado en:
Detalles Bibliográficos
Autor principal: Duarte, António Portugal
Formato: Capítulo de libro
Lenguaje:inglés
Etiquetas: Agregar Etiqueta
Sin Etiquetas, Sea el primero en etiquetar este registro!

MARC

LEADER 00000naa$a2200000$$$4500
001 0307144
005 20250219103622.1
041 0 |a eng 
044 |a CH 
245 1 0 |a The Dematerialization of Money in the Age of COVID-19 Pandemic: A New Future for Digital Finance?  |c António Portugal Duarte 
100 1 |a Duarte, António Portugal